[Event "Chess24 Banter Blitz Cup"]
[Site "chess24.com INT"]
[Date "2019.10.08"]
[Round "1.7"]
[White "Vaibhav, Suri"]
[Black "Quesada Perez, Yuniesky"]
[Result "0-1"]
[WhiteTitle "GM"]
[BlackTitle "GM"]
[WhiteElo "2597"]
[BlackElo "2615"]
[WhiteFideId "5045185"]
[BlackFideId "3504409"]
[EventDate "2019.09.25"]
[EventType "blitz"]

1. d4 Nf6 2. c4 e6 3. Nc3 d5 4. cxd5 Nxd5 5. e4 Nxc3 6. bxc3 c5 7. Nf3 cxd4 8.
cxd4 Bb4+ 9. Bd2 Bxd2+ 10. Qxd2 O-O 11. Bc4 Nd7 12. O-O b6 13. Rfe1 Bb7 14. Rad1
Rc8 15. Bb3 Re8 16. h3 h6 17. Qf4 Qc7 18. Qh4 Qd8 19. Qf4 Qc7 20. Qh4 Red8 21.
Qe7 Nf6 22. Qxc7 Rxc7 23. d5 exd5 24. e5 Nh7 25. Nd4 Rc5 26. f4 Re8 27. Nf5 Bc6
28. Nd6 Re7 29. Nf5 Rd7 30. Nd4 Bb7 31. f5 Ng5 32. e6 fxe6 33. fxe6 Re7 34. Bc2
Ne4 35. Bxe4 dxe4 36. Kf2 g6 37. Ke3 Rc3+ 38. Kf4 Kg7 39. Ke5 Rc5+ 40. Kf4 Kf6
41. Ke3 Ke5 42. Rc1 Rec7 43. Rxc5+ bxc5 44. Nb5 Re7 45. Nc3 Kxe6 46. Rd1 Kf6 47.
Nd5+ Kg7 48. Nxe7 Kf6 49. Nd5+ Ke5 50. Nc3 c4 51. Rd8 Bc6 52. Rc8 Kd6 53. Rd8+
Kc7 54. Rg8 Kd6 55. Rg7 Kc5 56. Rxg6 Kb4 57. Nxe4 Bd5 58. Rd6 Bf7 59. Rd4 Kb5
60. Rxc4 Kxc4 61. Nd6+ Kd5 62. Nxf7 Kc4 63. Nxh6 a6 0-1

[Event "Chess24 Banter Blitz Cup"]
[Site "chess24.com INT"]
[Date "2019.10.08"]
[Round "1.8"]
[White "Quesada Perez, Yuniesky"]
[Black "Vaibhav, Suri"]
[Result "0-1"]
[WhiteTitle "GM"]
[BlackTitle "GM"]
[WhiteElo "2615"]
[BlackElo "2597"]
[WhiteFideId "3504409"]
[BlackFideId "5045185"]
[EventDate "2019.09.25"]
[EventType "blitz"]

1. e4 c6 2. Nc3 d5 3. Nf3 Bg4 4. h3 Bxf3 5. Qxf3 e6 6. Qg3 Nf6 7. d3 h5 8. Be2
h4 9. Qf3 g6 10. Bg5 Be7 11. O-O-O Nbd7 12. Qe3 Qb6 13. d4 dxe4 14. Nxe4 Nxe4
15. Bxe7 Kxe7 16. Qxe4 Nf6 17. Qf4 Rad8 18. Rd2 Rd7 19. Rhd1 Qc7 20. Qf3 a6 21.
Kb1 Qa5 22. c4 Qf5+ 23. Qxf5 gxf5 24. Bf3 Rhd8 25. Kc2 Ne4 26. Bxe4 fxe4 27. Kc3
f5 28. f3 e3 29. Re2 f4 30. b4 e5 31. d5 cxd5 32. cxd5 Rxd5 33. Rxd5 Rxd5 34.
Kc2 Ke6 35. a3 Kf5 36. Kc3 e4 37. fxe4+ Kxe4 0-1

[Event "Chess24 Banter Blitz Cup"]
[Site "chess24.com INT"]
[Date "2019.10.08"]
[Round "1.9"]
[White "Vaibhav, Suri"]
[Black "Quesada Perez, Yuniesky"]
[Result "1-0"]
[WhiteTitle "GM"]
[BlackTitle "GM"]
[WhiteElo "2597"]
[BlackElo "2615"]
[WhiteFideId "5045185"]
[BlackFideId "3504409"]
[EventDate "2019.09.25"]
[EventType "blitz"]

1. e4 c5 2. Nf3 Nc6 3. Bb5 d6 4. O-O Bd7 5. Re1 Nf6 6. c3 a6 7. Bf1 Bg4 8. d4
Bxf3 9. gxf3 cxd4 10. cxd4 g6 11. d5 Nb8 12. Qb3 Qc7 13. Be3 Nbd7 14. Nd2 Bg7
15. Rac1 Qb8 16. Nc4 O-O 17. Na5 Ne5 18. Be2 Qd8 19. Bb6 Qd7 20. Rc7 Qh3 21. f4
Qh6 22. fxe5 Nxe4 23. Qe3 Qh4 24. Rc4 Bxe5 25. Qxe4 Qxh2+ 26. Kf1 Qh3+ 27. Qg2
Qf5 28. Re4 Bxb2 29. Nc4 Bf6 30. Ne3 Qd7 31. Bd4 Bxd4 32. Rxd4 Rac8 33. Rh4 e5
34. Ng4 f5 35. Nh6+ Kh8 36. Qh3 Qg7 37. Kg2 1-0

[Event "Chess24 Banter Blitz Cup"]
[Site "chess24.com INT"]
[Date "2019.10.08"]
[Round "1.10"]
[White "Quesada Perez, Yuniesky"]
[Black "Vaibhav, Suri"]
[Result "0-1"]
[WhiteTitle "GM"]
[BlackTitle "GM"]
[WhiteElo "2615"]
[BlackElo "2597"]
[WhiteFideId "3504409"]
[BlackFideId "5045185"]
[EventDate "2019.09.25"]
[EventType "blitz"]

1. e4 c6 2. d3 d5 3. Nd2 g6 4. Ngf3 Bg7 5. g3 e5 6. Bg2 Ne7 7. O-O O-O 8. b4 a5
9. bxa5 Qxa5 10. Bb2 Qc7 11. Re1 d4 12. c3 c5 13. cxd4 exd4 14. Rc1 Qb6 15. Nc4
Qd8 16. a4 Bd7 17. a5 Be6 18. Nfd2 Nd7 19. Ba3 Nc6 20. Qc2 Nxa5 21. Nd6 b6 22.
e5 Nxe5 23. Bxa8 Qxa8 24. Rb1 Bh3 25. N6e4 f5 26. Ng5 Qg2# 0-1

[Event "Chess24 Banter Blitz Cup"]
[Site "chess24.com INT"]
[Date "2019.10.08"]
[Round "1.11"]
[White "Vaibhav, Suri"]
[Black "Quesada Perez, Yuniesky"]
[Result "0-1"]
[WhiteTitle "GM"]
[BlackTitle "GM"]
[WhiteElo "2597"]
[BlackElo "2615"]
[WhiteFideId "5045185"]
[BlackFideId "3504409"]
[EventDate "2019.09.25"]
[EventType "blitz"]

1. e4 e5 2. Nf3 Nc6 3. Bb5 Nf6 4. O-O Nxe4 5. d4 Nd6 6. Bxc6 dxc6 7. dxe5 Nf5 8.
Qxd8+ Kxd8 9. h3 h6 10. Nc3 Ke8 11. Ne2 Bd7 12. b3 Ne7 13. Bb2 Ng6 14. Rad1 Rd8
15. c4 h5 16. Kh2 h4 17. Rfe1 Rh5 18. Bc3 Bc8 19. Rxd8+ Kxd8 20. Ned4 Nf4 21.
Re4 Ng6 22. Bd2 Be7 23. e6 f6 24. Bc3 c5 25. Nb5 b6 26. Re1 Bd6+ 27. Kg1 a6 28.
Na7 Bb7 29. Nh2 Nf4 30. f3 Ke7 31. Ng4 Nxe6 32. a4 Kd7 33. a5 Rh8 34. Bxf6 gxf6
35. Nxf6+ Ke7 36. Nd5+ Kf7 0-1

[Event "Chess24 Banter Blitz Cup"]
[Site "chess24.com INT"]
[Date "2019.10.08"]
[Round "1.12"]
[White "Quesada Perez, Yuniesky"]
[Black "Vaibhav, Suri"]
[Result "1-0"]
[WhiteTitle "GM"]
[BlackTitle "GM"]
[WhiteElo "2615"]
[BlackElo "2597"]
[WhiteFideId "3504409"]
[BlackFideId "5045185"]
[EventDate "2019.09.25"]
[EventType "blitz"]

1. Nf3 Nf6 2. g3 d5 3. Bg2 e6 4. O-O Be7 5. d3 O-O 6. Nbd2 c5 7. e4 Nc6 8. Re1
Qc7 9. e5 Nd7 10. Qe2 b5 11. h4 Bb7 12. Nf1 Rfc8 13. Bf4 Qd8 14. N1h2 Nf8 15. h5
h6 16. Kh1 Nh7 17. Qd2 b4 18. g4 a5 19. Rg1 a4 20. Bh3 c4 21. d4 c3 22. bxc3
bxc3 23. Qc1 Ng5 24. Nxg5 hxg5 25. Be3 Nxe5 26. dxe5 d4+ 27. Bg2 Bxg2+ 28. Rxg2
dxe3 29. Qxe3 Qd2 30. Qe4 Rab8 31. Nf3 Qd7 32. Rgg1 Rb4 33. Qe2 Qc6 34. Rad1 Re4
35. Qd3 Rxe5 36. Kh2 Rd5 37. Qe2 Bd6+ 38. Kg2 Bf4 39. Rxd5 exd5 40. Rd1 Re8 41.
Qd3 Rd8 42. Nd4 Qd7 43. Nf5 d4 44. Qe4 Re8 45. Qf3 Qe6 46. h6 g6 47. Nxd4 Qxa2
48. Nc6 Qe6 49. Qxc3 Qe4+ 50. Kg1 Be5 51. Nxe5 Qxe5 52. Qf3 Qe4 53. Qg3 Qf4 54.
Qxf4 gxf4 55. Rd4 Kh7 56. Rxa4 Kxh6 57. Rxf4 Kg7 58. Rf3 Rc8 59. Rg3 Rc4 60. Kg2
Rxc2 61. Rf3 Rc5 62. Rg3 Rc6 63. Rf3 Re6 64. Kg3 g5 65. Rf5 Kg6 66. Rxg5+ 1-0

[Event "Chess24 Banter Blitz Cup"]
[Site "chess24.com INT"]
[Date "2019.10.08"]
[Round "1.13"]
[White "Vaibhav, Suri"]
[Black "Quesada Perez, Yuniesky"]
[Result "1-0"]
[WhiteTitle "GM"]
[BlackTitle "GM"]
[WhiteElo "2597"]
[BlackElo "2615"]
[WhiteFideId "5045185"]
[BlackFideId "3504409"]
[EventDate "2019.09.25"]
[EventType "blitz"]

1. e4 e5 2. Nf3 Nc6 3. Bb5 Nf6 4. d3 Bc5 5. c3 O-O 6. O-O d6 7. Bxc6 bxc6 8. h3
Re8 9. Re1 h6 10. Qc2 Bb6 11. d4 exd4 12. cxd4 c5 13. dxc5 Bxc5 14. Nc3 Bb7 15.
Bf4 Bb6 16. Rad1 Nd7 17. Be3 Qf6 18. Bxb6 axb6 19. Nb5 Rec8 20. a3 Nc5 21. Nc3
Re8 22. Nd5 Bxd5 23. exd5 Qd8 24. Nd4 Rxe1+ 25. Rxe1 Qd7 26. b4 Nb7 27. Qc6 Qxc6
28. dxc6 Nd8 29. Re7 Rc8 30. Re8+ Kh7 31. b5 Ra8 32. Re7 Rc8 33. Rd7 Kg8 34. Nf5
Kf8 35. Ne7 Ra8 36. Rxc7 Ne6 37. Rb7 Nc5 38. Nd5 Nxb7 39. Nxb6 Rb8 40. c7 Re8
41. c8=Q Rxc8 42. Nxc8 d5 43. Nb6 Ke8 44. Nxd5 Kd7 45. Nf4 Kd6 46. Nd3 Na5 47.
Ne1 Nc4 48. Nf3 Nd2 49. Nh4 1-0

[Event "Chess24 Banter Blitz Cup"]
[Site "chess24.com INT"]
[Date "2019.10.11"]
[Round "1.1"]
[White "Bruzon Batista, Lazaro"]
[Black "Bellahcene, Bilel"]
[Result "1-0"]
[WhiteTitle "GM"]
[BlackTitle "GM"]
[WhiteElo "2644"]
[BlackElo "2540"]
[WhiteFideId "3503739"]
[BlackFideId "696358"]
[EventDate "2019.09.25"]
[EventType "blitz"]

1. d4 Na6 2. Nf3 e6 3. g3 Nf6 4. Bg2 c5 5. O-O cxd4 6. Nxd4 Nc5 7. c4 Nce4 8. b3
Bc5 9. Bb2 O-O 10. e3 d5 11. Qc2 Qe7 12. Nc3 Nxc3 13. Bxc3 dxc4 14. bxc4 Rb8 15.
Nb3 Bd7 16. Nxc5 Qxc5 17. Qb2 Qf5 18. Be5 Rbc8 19. Bd4 b6 20. Rfc1 Bc6 21. Bxc6
Rxc6 22. a4 Ne4 23. Qb5 Rfc8 24. Qxf5 exf5 25. a5 Nd2 26. axb6 axb6 27. Ra6 Nxc4
28. Rb1 Rb8 29. Kg2 h5 30. Rb5 Nd6 31. Rd5 f6 32. h4 Kf7 33. Ba1 Ke6 34. Rd2
Rbc8 35. Bd4 b5 36. Ra7 R8c7 37. Ra8 Rb7 38. Rb2 b4 39. Ra4 Rc4 40. Ra6 Kd5 41.
Rd2 Ne4 42. Rd1 Rc2 43. Bxf6+ Kc4 44. Rc6+ Kb3 45. Rd3+ Nc3 46. Be5 Rc1 47. Rc8
Kc2 48. Rd7 Rd1 49. Rxb7 1-0

[Event "Chess24 Banter Blitz Cup"]
[Site "chess24.com INT"]
[Date "2019.10.11"]
[Round "1.2"]
[White "Bellahcene, Bilel"]
[Black "Bruzon Batista, Lazaro"]
[Result "0-1"]
[WhiteTitle "GM"]
[BlackTitle "GM"]
[WhiteElo "2540"]
[BlackElo "2644"]
[WhiteFideId "696358"]
[BlackFideId "3503739"]
[EventDate "2019.09.25"]
[EventType "blitz"]

1. e4 e5 2. Nf3 Nc6 3. Bb5 Nf6 4. d3 Bc5 5. Bg5 h6 6. Bh4 d6 7. c3 Bb6 8. Nbd2
Bd7 9. O-O Ne7 10. Re1 Bxb5 11. a4 Bxd3 12. a5 Bxf2+ 13. Bxf2 Ba6 14. c4 Ng6 15.
b4 c6 16. Qb3 b5 17. axb6 axb6 18. b5 cxb5 19. Rxa6 O-O 20. Qxb5 Rxa6 21. Qxa6
Nf4 22. Qxb6 Qd7 23. Bg3 Nd3 24. Re3 Nc5 25. Nb3 Ncxe4 26. Nbd2 Nxg3 27. hxg3
Rc8 28. Qa6 Rb8 29. Rb3 Rxb3 30. Nxb3 Qf5 31. Qa2 Qd3 32. c5 dxc5 33. Nbd2 e4
34. Ne1 Qxg3 35. Qa1 Qe3+ 0-1

[Event "Chess24 Banter Blitz Cup"]
[Site "chess24.com INT"]
[Date "2019.10.11"]
[Round "1.3"]
[White "Bruzon Batista, Lazaro"]
[Black "Bellahcene, Bilel"]
[Result "1-0"]
[WhiteTitle "GM"]
[BlackTitle "GM"]
[WhiteElo "2644"]
[BlackElo "2540"]
[WhiteFideId "3503739"]
[BlackFideId "696358"]
[EventDate "2019.09.25"]
[EventType "blitz"]

1. Nf3 Nf6 2. g3 e6 3. Bg2 d5 4. O-O b5 5. d3 Bb7 6. c4 bxc4 7. dxc4 Be7 8. Nbd2
O-O 9. b3 d4 10. Bb2 c5 11. e3 dxe3 12. fxe3 Nbd7 13. Qe2 Qc7 14. e4 Rad8 15. e5
Ne8 16. Ne4 h6 17. Rae1 Kh8 18. g4 Nb8 19. g5 h5 20. g6 fxg6 21. Nfg5 Rxf1+ 22.
Rxf1 Bxe4 23. Nf7+ Kg8 24. Bxe4 Rd7 25. Bxg6 1-0

[Event "Chess24 Banter Blitz Cup"]
[Site "chess24.com INT"]
[Date "2019.10.11"]
[Round "1.4"]
[White "Bellahcene, Bilel"]
[Black "Bruzon Batista, Lazaro"]
[Result "1/2-1/2"]
[WhiteTitle "GM"]
[BlackTitle "GM"]
[WhiteElo "2540"]
[BlackElo "2644"]
[WhiteFideId "696358"]
[BlackFideId "3503739"]
[EventDate "2019.09.25"]
[EventType "blitz"]

1. e4 e5 2. Nf3 Nc6 3. Bb5 a6 4. Ba4 Nf6 5. O-O Be7 6. d3 d6 7. a3 O-O 8. h3 Re8
9. Nc3 h6 10. Bb3 Bf8 11. Be3 Be6 12. Nd5 Bxd5 13. exd5 Ne7 14. c4 Nf5 15. Bd2
g6 16. Rc1 Bg7 17. Re1 e4 18. dxe4 Nxe4 19. Qc2 Nxd2 20. Qxd2 Qf6 21. Bc2 Nh4
22. Nxh4 Qxh4 23. Bd3 Bd4 24. b4 Qf6 25. Rcd1 Rxe1+ 26. Qxe1 Kg7 27. Bf1 b6 28.
Qd2 Bc3 29. Qe2 a5 30. b5 h5 31. Rd3 Bd4 32. Rf3 Qe5 33. Qxe5+ Bxe5 34. a4 f5
35. Re3 h4 36. Be2 Kf6 37. Kf1 Kf7 38. Bf3 Re8 39. Re2 Bd4 40. Rxe8 Kxe8 41. Ke2
Ke7 42. g4 1/2-1/2

[Event "Chess24 Banter Blitz Cup"]
[Site "chess24.com INT"]
[Date "2019.10.11"]
[Round "1.5"]
[White "Bruzon Batista, Lazaro"]
[Black "Bellahcene, Bilel"]
[Result "0-1"]
[WhiteTitle "GM"]
[BlackTitle "GM"]
[WhiteElo "2644"]
[BlackElo "2540"]
[WhiteFideId "3503739"]
[BlackFideId "696358"]
[EventDate "2019.09.25"]
[EventType "blitz"]

1. Nf3 Nf6 2. c4 e6 3. d4 d5 4. e3 Bb4+ 5. Bd2 Bd6 6. Nc3 O-O 7. Rc1 b6 8. cxd5
exd5 9. Nb5 Bg4 10. Be2 Ne4 11. Nxd6 Qxd6 12. O-O Nd7 13. h3 Bh5 14. Qc2 c5 15.
dxc5 Ndxc5 16. Rfd1 Bg6 17. b4 Ne6 18. Nh4 Nxf2 19. Nxg6 fxg6 20. Rf1 Qg3 21.
Qc6 Rae8 22. Qxd5 Nxh3+ 23. Kh1 Nf2+ 24. Kg1 Rf5 25. Qd7 Rff8 26. Be1 Nh3+ 27.
Kh1 Qxe3 28. Rxf8+ Rxf8 29. Bd2 Nf2+ 30. Kh2 Qxe2 31. Re1 Qh5+ 32. Kg3 Qg4+ 33.
Kh2 Qh4+ 34. Kg1 Nf4 35. Bxf4 Qxf4 36. Qe6+ Kh8 37. Qe7 Ng4 38. Qh4 g5 39. Qh3
Qf2+ 40. Kh1 Qxe1# 0-1

[Event "Chess24 Banter Blitz Cup"]
[Site "chess24.com INT"]
[Date "2019.10.11"]
[Round "1.6"]
[White "Bellahcene, Bilel"]
[Black "Bruzon Batista, Lazaro"]
[Result "1-0"]
[WhiteTitle "GM"]
[BlackTitle "GM"]
[WhiteElo "2540"]
[BlackElo "2644"]
[WhiteFideId "696358"]
[BlackFideId "3503739"]
[EventDate "2019.09.25"]
[EventType "blitz"]

1. e4 e5 2. Nf3 Nc6 3. Bb5 Nf6 4. d3 Bc5 5. Bg5 h6 6. Bh4 d6 7. c3 Bb6 8. Nbd2
Bd7 9. O-O Ne7 10. Bxd7+ Nxd7 11. Nc4 O-O 12. a4 a6 13. Nxb6 Nxb6 14. a5 Nd7 15.
d4 Qe8 16. Re1 Ng6 17. Bg3 Qe7 18. h3 Rfe8 19. Qb3 Rab8 20. Rad1 Nf6 21. Nh4
Nxh4 22. Bxh4 g5 23. Bg3 Nh5 24. dxe5 dxe5 25. Rd5 Nxg3 26. fxg3 c6 27. Rd2 Rbd8
28. Rf2 Rd6 29. Ref1 Rf8 30. Qb4 Kg7 31. Qc5 f6 32. Rd2 Rd7 33. Qxe7+ Rxe7 34.
Rd6 Rff7 35. Rfd1 f5 36. Kf2 fxe4+ 37. Ke3 Rf6 38. Kxe4 Rf2 39. Rd7 Kf7 40. R7d2
Rxd2 41. Rxd2 Ke6 42. Rd8 Rf7 43. Re8+ Kd6 44. Rh8 Rf6 45. b4 c5 46. Rd8+ Kc7
47. Rd5 cxb4 48. cxb4 Kc6 49. Rxe5 Rf2 50. Re6+ Kc7 51. Rxh6 Rxg2 52. Kf3 Rb2
53. Rb6 Rb3+ 54. Kg4 Rc3 55. h4 gxh4 56. gxh4 Rc1 57. h5 Rg1+ 58. Kf5 Rh1 59.
Kg6 Rg1+ 60. Kh7 1-0

[Event "Chess24 Banter Blitz Cup"]
[Site "chess24.com INT"]
[Date "2019.10.11"]
[Round "1.7"]
[White "Bruzon Batista, Lazaro"]
[Black "Bellahcene, Bilel"]
[Result "0-1"]
[WhiteTitle "GM"]
[BlackTitle "GM"]
[WhiteElo "2644"]
[BlackElo "2540"]
[WhiteFideId "3503739"]
[BlackFideId "696358"]
[EventDate "2019.09.25"]
[EventType "blitz"]

1. c4 Nf6 2. g3 e6 3. Bg2 d5 4. Nf3 Be7 5. O-O O-O 6. b3 b6 7. Bb2 Bb7 8. cxd5
exd5 9. d4 Nbd7 10. Nc3 a6 11. Rc1 Re8 12. e3 Bd6 13. Ne2 Ne4 14. Nf4 Rc8 15.
Nd3 c5 16. Nde5 Nxe5 17. Nxe5 f6 18. Nf3 c4 19. bxc4 dxc4 20. Nd2 b5 21. a3 Qe7
22. Nxe4 Bxe4 23. Bxe4 Qxe4 24. Qc2 Qxc2 25. Rxc2 Kf7 26. Rfc1 Rc7 27. Ra1 Ke6
28. e4 Kd7 29. f3 Rb8 30. Bc3 Rcb7 31. Kf2 Bc7 32. Ke3 a5 33. Bd2 Rc8 34. Ke2
Bd8 35. Rac1 Be7 36. a4 Ba3 37. Rb1 b4 38. d5 b3 39. Rc3 Bb4 40. Re3 c3 41. Bc1
b2 42. Bxb2 cxb2 43. Rxb2 Rbc7 44. f4 Rc2+ 45. Rxc2 Rxc2+ 46. Kf3 Rxh2 47. e5
Rd2 48. d6 fxe5 49. fxe5 Ke6 50. Ke4 Bc5 51. Rf3 Rd4+ 52. Ke3 Rxd6+ 53. Ke2 Rd5 0-1

[Event "Chess24 Banter Blitz Cup"]
[Site "chess24.com INT"]
[Date "2019.10.11"]
[Round "1.8"]
[White "Bellahcene, Bilel"]
[Black "Bruzon Batista, Lazaro"]
[Result "0-1"]
[WhiteTitle "GM"]
[BlackTitle "GM"]
[WhiteElo "2540"]
[BlackElo "2644"]
[WhiteFideId "696358"]
[BlackFideId "3503739"]
[EventDate "2019.09.25"]
[EventType "blitz"]

1. e4 e5 2. Nf3 Nc6 3. Bb5 a6 4. Ba4 Nf6 5. O-O Be7 6. Re1 b5 7. Bb3 d6 8. c3
O-O 9. h3 Na5 10. Bc2 c5 11. d4 Qc7 12. d5 Bd7 13. Nbd2 c4 14. Nf1 Nb7 15. g4 h5
16. g5 Nh7 17. Ng3 g6 18. Be3 Bxh3 19. Qd2 Qd8 20. Nf1 Bg4 21. N1h2 Rc8 22. a4
Nc5 23. axb5 axb5 24. Ra7 Re8 25. Rea1 Bd7 26. Nf1 Bf8 27. N1h2 Rc7 28. R7a5 Qe7
29. Ra7 Rec8 30. R7a5 Qd8 31. Nh4 Be7 32. N2f3 Bg4 33. Kg2 Qd7 34. Nh2 Qd8 35.
N2f3 Nf8 36. Kg1 Qd7 37. Nh2 Nh7 38. f3 Bh3 39. Kf2 Qd8 40. Kg3 Bd7 41. Ng2 Nxg5
42. Nf1 h4+ 43. Kf2 h3 44. Ne1 Nh7 45. Kg3 Bh4+ 46. Kh2 Bg5 47. Qf2 Qf6 48. Qg3
Bxe3 49. Nxe3 Ng5 50. Ra7 Kg7 51. Rxc7 Rxc7 52. Ra8 Qf4 53. Qxf4 exf4 54. Nf1 f5
55. Nd2 fxe4 56. fxe4 Bg4 57. Rd8 Re7 58. Rxd6 Ncxe4 59. Nxe4 Nxe4 60. Rb6 Ng5
61. Rxg6+ Kf7 62. Rxg5 Re2+ 63. Kg1 Rxe1+ 64. Kf2 Re2+ 65. Kf1 h2 0-1

[Event "Chess24 Banter Blitz Cup"]
[Site "chess24.com INT"]
[Date "2019.10.11"]
[Round "1.9"]
[White "Bruzon Batista, Lazaro"]
[Black "Bellahcene, Bilel"]
[Result "1/2-1/2"]
[WhiteTitle "GM"]
[BlackTitle "GM"]
[WhiteElo "2644"]
[BlackElo "2540"]
[WhiteFideId "3503739"]
[BlackFideId "696358"]
[EventDate "2019.09.25"]
[EventType "blitz"]

1. d4 Nf6 2. Nf3 e6 3. Bg5 d5 4. e3 Nbd7 5. Nbd2 b6 6. c4 Bb7 7. Rc1 Be7 8. Bd3
O-O 9. O-O h6 10. Bh4 c5 11. a3 a6 12. cxd5 exd5 13. Qc2 c4 14. Bf5 b5 15. Ne5
Nxe5 16. dxe5 Nd7 17. Bg3 Nc5 18. Nf3 Bc8 19. Rfd1 Be6 20. Nd4 Qd7 21. e4 Nd3
22. Rb1 Rad8 23. exd5 Bxf5 24. d6 Bg5 25. h4 Bg6 26. hxg5 Nxe5 27. Qe2 Bxb1 28.
Qxe5 Rfe8 29. Qc5 Bg6 30. gxh6 gxh6 31. Nc6 Rc8 32. Ne7+ Rxe7 33. Qxc8+ Qxc8 34.
dxe7 Qe8 35. Rd8 f5 36. Bd6 Kf7 37. Rxe8 Kxe8 38. Bb4 Kd7 39. f4 1/2-1/2

[Event "Chess24 Banter Blitz Cup"]
[Site "chess24.com INT"]
[Date "2019.10.11"]
[Round "1.10"]
[White "Bellahcene, Bilel"]
[Black "Bruzon Batista, Lazaro"]
[Result "1-0"]
[WhiteTitle "GM"]
[BlackTitle "GM"]
[WhiteElo "2540"]
[BlackElo "2644"]
[WhiteFideId "696358"]
[BlackFideId "3503739"]
[EventDate "2019.09.25"]
[EventType "blitz"]

1. d4 Nf6 2. c4 e6 3. Nf3 d5 4. g3 Be7 5. Bg2 O-O 6. O-O Nbd7 7. Qc2 c6 8. Nbd2
b6 9. e4 dxc4 10. Nxc4 Bb7 11. Re1 c5 12. e5 Nd5 13. dxc5 Nxc5 14. a3 Rc8 15. b4
Nd7 16. Qb3 Qc7 17. Nd6 Bxd6 18. exd6 Qxd6 19. Bb2 Rfd8 20. Rad1 Qc7 21. Ng5
N7f6 22. Rc1 Qe7 23. Rcd1 h6 24. Nf3 Qc7 25. Rc1 Qb8 26. Rcd1 Qa8 27. Ne5 Nc7
28. Bf1 Rxd1 29. Rxd1 Bd5 30. Qe3 Nce8 31. Qd4 Qb7 32. Bb5 Nd6 33. Bf1 Nf5 34.
Qf4 Rc2 35. Ba1 Qc7 36. Bd3 Ne7 37. Bxc2 Qxc2 38. Rc1 Qe2 39. Qe3 Qa2 40. Qd3
Nf5 41. Qc3 Ne4 42. Qb2 Qxb2 43. Bxb2 f6 44. Ng6 Nd2 45. f4 Kf7 46. Nh8+ Kg8 47.
Rc8+ Kh7 48. h4 h5 49. Kf2 Nc4 50. Bc1 Nfd6 51. Rd8 Ne4+ 52. Ke2 Nxg3+ 53. Kd3
Nf5 54. Nf7 b5 55. Rd7 Kg6 56. Nd8 Nxh4 57. Rxa7 Nf5 58. a4 bxa4 59. Rxa4 Ncd6
60. Ra1 Be4+ 61. Kc3 h4 62. Bd2 Nb5+ 63. Kb3 Nbd4+ 64. Kc4 Nf3 65. Bc3 h3 66. b5
h2 67. b6 Ng1 68. b7 Bxb7 69. Nxe6 h1=Q 70. Nc5 Qc6 71. Kb4 Qd5 72. Kb5 Nd4+ 73.
Kb6 Qc6+ 74. Ka7 Bc8 75. Rxg1+ Kf5 76. Bxd4 Qb5 77. Rd1 Qa5+ 78. Kb8 Qb4+ 79.
Kxc8 Qc4 80. Kd7 Qd3 81. Ke8 1-0

[Event "Chess24 Banter Blitz Cup"]
[Site "chess24.com INT"]
[Date "2019.10.11"]
[Round "1.11"]
[White "Bruzon Batista, Lazaro"]
[Black "Bellahcene, Bilel"]
[Result "0-1"]
[WhiteTitle "GM"]
[BlackTitle "GM"]
[WhiteElo "2644"]
[BlackElo "2540"]
[WhiteFideId "3503739"]
[BlackFideId "696358"]
[EventDate "2019.09.25"]
[EventType "blitz"]

1. e4 e5 2. Nf3 Nc6 3. Bb5 Nge7 4. Nc3 d6 5. a3 a6 6. Bc4 h6 7. d4 exd4 8. Nxd4
Nxd4 9. Qxd4 Nc6 10. Qe3 g6 11. O-O Bg7 12. Rd1 O-O 13. h3 Be6 14. Bf1 Qd7 15.
Qg3 Rae8 16. Be3 Kh7 17. f4 f5 18. e5 Bg8 19. Bf2 Rd8 20. Rd2 Qe6 21. exd6 Rxd6
22. Rxd6 Qxd6 23. Rd1 Qe6 24. Re1 Qd7 25. Rd1 Qe7 26. Qf3 Rd8 27. Rxd8 Qxd8 28.
Bd3 Qd7 29. g3 Be6 30. Nd1 Bd5 31. Qe2 Nd4 32. Bxd4 Bxd4+ 33. Kh2 Bc6 34. Bc4 b5
35. Bb3 Bc5 36. c3 a5 37. Nf2 a4 38. Ba2 Bxf2 39. Qxf2 Qd1 40. g4 fxg4 41. hxg4
Qxg4 42. c4 bxc4 43. Bxc4 h5 44. Bf1 h4 45. Bh3 Qh5 46. Qc2 Qf3 47. Bg2 Qg3+ 48.
Kh1 Bxg2+ 49. Qxg2 Qxg2+ 50. Kxg2 Kh6 0-1

[Event "Chess24 Banter Blitz Cup"]
[Site "chess24.com INT"]
[Date "2019.10.11"]
[Round "1.12"]
[White "Bellahcene, Bilel"]
[Black "Bruzon Batista, Lazaro"]
[Result "1/2-1/2"]
[WhiteTitle "GM"]
[BlackTitle "GM"]
[WhiteElo "2540"]
[BlackElo "2644"]
[WhiteFideId "696358"]
[BlackFideId "3503739"]
[EventDate "2019.09.25"]
[EventType "blitz"]

1. e4 c5 2. Nf3 e6 3. d4 cxd4 4. Nxd4 Nc6 5. Nc3 Qc7 6. Be3 a6 7. Qf3 Nf6 8.
O-O-O h5 9. Nxc6 dxc6 10. Qg3 Qxg3 11. hxg3 e5 12. Be2 Be6 13. f3 Rg8 14. Na4
Nd7 15. b3 g6 16. Kb2 b5 17. Nb6 Nxb6 18. Bxb6 Be7 19. Bc7 f6 20. Rd2 Rc8 21.
Ba5 Kf7 22. Rhd1 Rb8 23. Bc7 Rbc8 24. Bd6 Bxd6 25. Rxd6 Ke7 26. c4 Rgd8 27. c5
Rxd6 28. Rxd6 a5 29. Kc3 Bd7 30. Kd2 g5 31. Ke3 Rh8 32. Kf2 h4 33. gxh4 Rxh4 34.
Rd1 Rh8 35. Ke3 Rh2 36. Kf2 Rh8 37. a3 Rh6 38. Ke3 Rh2 39. Kf2 Rh8 40. Ke3 Rh2
41. Kf2 Rh8 42. Ke3 Rh2 1/2-1/2

[Event "Chess24 Banter Blitz Cup"]
[Site "chess24.com INT"]
[Date "2019.10.11"]
[Round "1.13"]
[White "Bruzon Batista, Lazaro"]
[Black "Bellahcene, Bilel"]
[Result "0-1"]
[WhiteTitle "GM"]
[BlackTitle "GM"]
[WhiteElo "2644"]
[BlackElo "2540"]
[WhiteFideId "3503739"]
[BlackFideId "696358"]
[EventDate "2019.09.25"]
[EventType "blitz"]

1. e4 e5 2. Nf3 Nc6 3. Bc4 Nf6 4. d3 h6 5. c3 d6 6. Nbd2 g6 7. O-O Bg7 8. Re1
O-O 9. h3 Na5 10. Bb5 a6 11. Ba4 b5 12. Bc2 c5 13. Nf1 Nc6 14. Be3 Be6 15. Ng3
Kh7 16. d4 cxd4 17. cxd4 exd4 18. Nxd4 Nxd4 19. Bxd4 Rc8 20. a3 Re8 21. Rc1 Ng8
22. Ne2 Bc4 23. Bxg7 Bxe2 24. Rxe2 Kxg7 25. Rd2 Rc6 26. Bb1 Rxc1 27. Qxc1 Nf6
28. Qc3 Qc8 29. Qd4 Qe6 30. f3 Rc8 31. Kh2 Rc1 32. Bd3 Qe5+ 33. Qxe5 dxe5 34. g3
Rc7 35. Be2 Rd7 36. Rc2 Rd6 37. Kg2 Kf8 38. Kf2 Ke7 39. Ke3 Ne8 40. a4 bxa4 41.
Bc4 Rb6 42. Bd5 Nd6 43. f4 Kf6 44. h4 h5 45. Rf2 a5 46. Rd2 Rb4 47. Rc2 Rb6 48.
Rc3 Rxb2 49. Rc6 Ke7 50. fxe5 Ne8 51. Ra6 Rb5 52. Ra7+ Kd8 53. Bxf7 a3 54. e6
Nc7 55. e7+ Kxe7 56. Rxc7+ Kd6 57. Ra7 Kc5 58. Bd5 Kb4 59. Kf4 Kc3 0-1